Missing Word: Brand-Name Products in Movie Titles Quiz Stats

 Plays Quiz Updated Sep 11, 2015

Challenge
Share
Tweet
Embed
Score 0/18 Timer 04:00
0 Plays Today
Movie Product % Correct
So I Married an ___ MurdererAxe
94.9%
She's ___ ThatAll
93.6%
The Postman ___ Rings TwiceAlways
92.7%
Crimson ___Tide
91.8%
Sister ___Act
91.5%
Six ___s of SeparationDegree
90%
Mutiny on the ___Bounty
89.5%
Face/___Off
88%
___ Las VegasViva
87.6%
Movie Product % Correct
On Her Majesty's ___ ServiceSecret
84.3%
The ___ Luck ClubJoy
80.7%
___ Mr. FoxFantastic
72.4%
Red ___Dawn
53.1%
The Wings of the ___Dove
52.9%
The ___ ThingSure
31.4%
Kind Hearts and ___sCoronet
24.3%
___ on RommelRaid
10.7%
The Big ___Bounce
8.3%

Today's Daily Dose

Missing Word
Biopics

Word Ladder
Food Idioms

Quick Pick
Diets

On This Day
December 18th II

You're not logged in!

Compare scores with friends on all Sporcle quizzes.
OR
Log In

You Might Also Like...

Show Comments

Extras

Top Quizzes Today


Score Distribution

Your Account Isn't Verified!

In order to create a playlist on Sporcle, you need to verify the email address you used during registration. Go to your Sporcle Settings to finish the process.

Report this User

Report this user for behavior that violates our Community Guidelines.

Details: